dawne flagi - Statystyki

Ogólne statystyki
  • Ten quiz został rozwiązany 36 razy
  • Średni wynik to 10 z 12
Statystyki odpowiedzi
Obrazkowy Odpowiedź % Poprawnych
cesarstwo Koreańskie
97%
dynastia qing
97%
królestwo węgier
97%
stany zjednoczone
97%
Związek Socialistycznych republik radzieckich
94%
cesarstwo austriackie
91%
unia kalmarska
88%
rpa
84%
królestwo brazylii
81%
królestwo portugalii
81%
libia
78%
państwo kościelne
44%
Nie znaleziono quizów pasujących do podanych kryteriów
Rozkład punktacji
Procent ludzi z każdym wynikiem
Percentyl według liczby udzielonych odpowiedzi
Twoja historia wyników
Nie rozwiązałeś tego quizu